Score 0/29 Timer 12:00
3 Plays Today
% Correct
Barack Obama 2008
89.1%
Thomas Jefferson 1804
79.8%
Franklin D. Roosevelt 1936
68.9%
Donald Trump 2016
65.6%
Jimmy Carter 1976
55.9%
John Quincy Adams 1824
52.6%
Lyndon B. Johnson 1964
52.1%
George H.W. Bush 1988
50.8%
John Adams 1796
49.3%
Woodrow Wilson 1912
49.1%
Dwight D. Eisenhower 1956
49.1%
George W. Bush 2000
49.1%
George Washington 1789
43.1%
Richard M. Nixon 1972
42.7%
James Madison 1812
42.7%
% Correct
William McKinley 1896
41.2%
Andrew Jackson 1832
41%
Franklin D. Roosevelt 1940
40.6%
Warren G. Harding 1920
40.2%
Herbert Hoover 1928
39.9%
Theodore Roosevelt 1904
39.9%
Franklin Pierce 1852
39.6%
James K. Polk 1844
39.3%
James A. Garfield 1880
38.9%
Ulysses S. Grant 1868
38.7%
James Monroe 1820
36.7%
Grover Cleveland 1884
36%
Harry S. Truman 1948
35.4%
Martin Van Buren 1836
31.1%

You're not logged in!

Compare scores with friends on all Sporcle quizzes.
OR
Log In

Sporcle TV

Today on Sporcle TV


Watch our educational content, quiz creation guides, and fun videos on Sporcle TV.

Show Comments

Extras

Top Quizzes Today


Score Distribution

Paid Content

Your Account Isn't Verified!

In order to create a playlist on Sporcle, you need to verify the email address you used during registration. Go to your Sporcle Settings to finish the process.

Report this User

Report this user for behavior that violates our Community Guidelines.

Details: